| 000 | 00623nam a2200217 a 4500 | ||
|---|---|---|---|
| 001 | 3302 | ||
| 003 | CO-ViMGA | ||
| 008 | 141112s2004 ck r 000 u spa d | ||
| 040 |
_aCO-ViMGA _bspa _cCO-ViMGA |
||
| 082 | 0 | 4 | _a620.106 G453m |
| 100 | 1 |
_aGiles, Ranald V _952852 |
|
| 245 | 1 | 0 |
_aMecánica de los fluidos e hidráulica / _cGiles Ranald V. , Evett Jack B. , Liu Cheng |
| 260 |
_aSantafé de Bogotá : _bMcGraw - Hill, _c1997 |
||
| 300 | _a420 p : il | ||
| 490 | _aSchum | ||
| 650 | 1 | 4 |
_aEvett, Jack B. _952853 |
| 650 | 1 | 4 |
_aFLUIDOS _952854 |
| 650 | 1 | 4 | _aHIDRAULICA |
| 650 | 1 | 4 |
_aLiu, Chen _952856 |
| 942 |
_2ddc _cBK |
||
| 999 |
_c15352 _d15352 |
||